000 00560nam a2200217Ia 4500
003 GCL
008 140319s9999 xx 000 0 eng d
020 _a2205031139
040 _aGCL /
_cGCL
082 0 4 _aCH
_b843
_bF A
100 1 _aFRED
245 1 0 _aAVANT LA LETTRE /
_cFRED
260 _aفرنسا :
_bDARGAUDS. EDITEUR ،
_c1978
300 _a78 P
_bCOLL.ILL ؛
_c32 cm.
490 _aPHILEMAN
_v0
650 0 4 _aCHILDREN - LITERATURE
650 0 4 _aFRENCH FICTION
650 0 4 _aFRENCH LITERATURE
650 0 4 _aCHILDREN - FICTION
942 _2ddc
_cBK
999 _c4848
_d4848